[Event "IND-ch (Women) 46th"]
[Site "Managiri"]
[Date "2019.07.24"]
[Round "8"]
[White "Nandhini, Saripalli"]
[Black "Nisha, N Patkar"]
[Result "1-0"]
[WhiteElo "1933"]
[BlackElo "1596"]
[PlyCount "97"]
[EventDate "2019.07.19"]
[EventType "swiss"]
[EventRounds "11"]
[EventCountry "IND"]
[SourceTitle "EXT 2020"]
[Source "ChessBase"]
[SourceDate "2019.10.17"]
[SourceVersion "1"]
[SourceVersionDate "2019.10.17"]
[SourceQuality "1"]

1. d4 Nf6 2. Nf3 g6 3. Bg5 Bg7 4. Nbd2 d6 5. e4 Nfd7 6. c3 0-0 7. Be2 f6 8. Qb3+ Kh8 9. Bh4 e5 10. 0-0-0 a5 11. dxe5 dxe5 12. Nc4 Qe7 13. Ne3 a4 14. Nd5 axb3 15. Nxe7 bxa2 16. Kc2 Nc5 17. Nxc8 Rxc8 18. Nd2 Nc6 19. Bc4 h5 20. f3 Kh7 21. Ra1 Rd8 22. Rxa2 Rxa2 23. Bxa2 Na4 24. Nc4 g5 25. Bf2 b5 26. Ne3 Nb6 27. Nf5 Bf8 28. h4 Kg6 29. g4 hxg4 30. h5+ Kh7 31. fxg4 b4 32. Ra1 bxc3 33. bxc3 Ne7 34. Ne3 Nec8 35. Nd5 Nxd5 36. Bxd5 Bd6 37. Ra8 Rh8 38. c4 Be7 39. Be6 Nd6 40. Ra7 Bd8 41. Bc5 Ne8 42. Bf5+ Kh6 43. Ra8 Nd6 44. Bxd6 cxd6 45. Ra7 Bb6 46. Rb7 Ba5 47. Kb3 Bd8 48. Ka4 d5 49. exd5 1-0

[Event "IND-chB (Women) 38th"]
[Site "Chennai"]
[Date "2011.07.09"]
[Round "10"]
[White "Smaraki, Mohanty"]
[Black "Nisha, N Patkar"]
[Result "1-0"]
[WhiteElo "1754"]
[BlackElo "1812"]
[PlyCount "123"]
[EventDate "2011.07.02"]
[EventType "swiss"]
[EventRounds "11"]
[EventCountry "IND"]
[SourceTitle "CBM 143 Extra"]
[Source "ChessBase"]
[SourceDate "2011.08.29"]
[SourceVersion "1"]
[SourceVersionDate "2011.08.29"]
[SourceQuality "1"]

1. d4 Nf6 2. Nf3 e6 3. Bf4 b6 4. e3 Bb7 5. h3 Be7 6. Nbd2 0-0 7. c3 d6 8. Be2 Nbd7 9. 0-0 c5 10. Re1 Qc7 11. Qc2 Rad8 12. Bd3 e5 13. dxe5 dxe5 14. Bh2 h6 15. e4 Rfe8 16. Rad1 Nh7 17. Bb5 f6 18. Bc4+ Kh8 19. Nh4 Ng5 20. Ndf3 Kh7 21. Nd2 Rf8 22. f4 Nf7 23. f5 Nd6 24. Be2 Nb8 25. Ng6 Rg8 26. Bd3 b5 27. Be2 Bc6 28. Bh5 c4 29. Bg3 Na6 30. Bf2 Nb8 31. Kh2 Be8 32. Nf3 Bc6 33. Nd2 Be8 34. Nf3 Bc6 35. Nd2 Qb7 36. Bf3 Nf7 37. h4 Nd6 38. a3 Be8 39. Bh5 Nc6 40. Nf1 Bf8 41. Ne3 Ne7 42. Nxf8+ Rxf8 43. Bxe8 Rfxe8 44. Nf1 Qc7 45. g4 Rh8 46. Ng3 g5 47. hxg5 hxg5 48. Nh5 Kg8 49. Kg2 Kf7 50. Rh1 Qb7 51. Kf3 Qc7 52. Qe2 Qb7 53. Ng3 Nc6 54. Rxh8 Rxh8 55. Rxd6 Qc7 56. Rd5 a6 57. Qd2 Ke8 58. Qe3 Rh2 59. Qc5 Qc8 60. Rd6 Ne7 61. Qxc8+ Nxc8 62. Rxf6 1-0

[Event "IND-chB (Women) 38th"]
[Site "Chennai"]
[Date "2011.07.05"]
[Round "6"]
[White "Harini, S."]
[Black "Nisha, N Patkar"]
[Result "1-0"]
[WhiteElo "2022"]
[BlackElo "1812"]
[PlyCount "97"]
[EventDate "2011.07.02"]
[EventType "swiss"]
[EventRounds "11"]
[EventCountry "IND"]
[SourceTitle "CBM 143 Extra"]
[Source "ChessBase"]
[SourceDate "2011.08.29"]
[SourceVersion "1"]
[SourceVersionDate "2011.08.29"]
[SourceQuality "1"]

1. e4 c5 2. Nf3 Nc6 3. d4 cxd4 4. Nxd4 Nf6 5. Nc3 e5 6. Ndb5 d6 7. Bg5 a6 8. Na3 b5 9. Bxf6 gxf6 10. Nd5 Bg7 11. c3 f5 12. exf5 Bxf5 13. Nc2 0-0 14. Nce3 Be6 15. Bd3 f5 16. Qh5 e4 17. Bc2 Ne7 18. Rd1 Ng6 19. f4 Bxd5 20. Nxd5 Ra7 21. 0-0 Qh4 22. Qxh4 Nxh4 23. Ne3 Rd7 24. Rd5 Rf6 25. g3 Ng6 26. Rxf5 Rxf5 27. Nxf5 d5 28. Rd1 Ne7 29. Nxg7 Kxg7 30. Bxe4 h6 31. Bf3 Kf6 32. Kf2 Rd6 33. Rd3 Ke6 34. g4 Kf6 35. Ke3 Kg6 36. Kd4 Kf6 37. Re3 Ng6 38. f5 Ne7 39. h4 Kf7 40. Ke5 Rd8 41. Rd3 Nc6+ 42. Kf4 Ne7 43. g5 hxg5+ 44. hxg5 Rd6 45. Ke5 Rd8 46. Bh5+ Kf8 47. f6 Nc6+ 48. Ke6 a5 49. g6 1-0

[Event "IND-ch U15 Girls"]
[Site "New Delhi"]
[Date "2010.09.11"]
[Round "10"]
[White "Nisha, N Patkar"]
[Black "Anjana Krishna, Sreela"]
[Result "0-1"]
[WhiteElo "1747"]
[BlackElo "1894"]
[PlyCount "88"]
[EventDate "2010.09.04"]
[EventType "swiss"]
[EventRounds "11"]
[EventCountry "IND"]
[SourceTitle "CBM 138 Extra"]
[Source "ChessBase"]
[SourceDate "2010.10.29"]
[SourceVersion "1"]
[SourceVersionDate "2010.10.29"]
[SourceQuality "1"]

1. e4 e5 2. Nf3 Nf6 3. Nxe5 d6 4. Nf3 Nxe4 5. Nc3 Nf6 6. d4 Be7 7. Bd3 0-0 8. h3 Nc6 9. 0-0 h6 10. Re1 Nb4 11. Be3 Nxd3 12. Qxd3 d5 13. Bf4 c6 14. Ne5 Re8 15. Ne2 Be6 16. Ng3 Bf8 17. b3 c5 18. Rad1 cxd4 19. Qxd4 Qa5 20. a4 Rac8 21. Bd2 Qc5 22. Qxc5 Bxc5 23. c3 Bb6 24. Nd3 Ne4 25. Nxe4 dxe4 26. Nc1 Bf5 27. c4 Red8 28. Kf1 f6 29. Re2 Rd7 30. g4 Bg6 31. Rde1 Rcd8 32. Bc3 f5 33. Kg2 f4 34. Kf1 f3 35. Ra2 Rd1 36. a5 Bc7 37. Ra1 e3 38. Na2 e2+ 39. Kg1 Rxa1 40. Bxa1 Rd1 41. Bc3 Be5 42. Bb4 Bd6 43. Bc3 Bb1 44. Nb4 Be5 0-1

[Event "IND-ch U15 Girls"]
[Site "New Delhi"]
[Date "2010.09.09"]
[Round "8"]
[White "Nisha, N Patkar"]
[Black "Shweta, Gole"]
[Result "0-1"]
[WhiteElo "1747"]
[BlackElo "1814"]
[PlyCount "130"]
[EventDate "2010.09.04"]
[EventType "swiss"]
[EventRounds "11"]
[EventCountry "IND"]
[SourceTitle "CBM 138 Extra"]
[Source "ChessBase"]
[SourceDate "2010.10.29"]
[SourceVersion "1"]
[SourceVersionDate "2010.10.29"]
[SourceQuality "1"]

1. e4 c5 2. Nf3 e6 3. c3 Nf6 4. d3 Nc6 5. g3 d5 6. e5 Nd7 7. d4 f6 8. exf6 Nxf6 9. Bg2 cxd4 10. cxd4 Bb4+ 11. Bd2 Bd6 12. 0-0 0-0 13. Bc3 b5 14. b3 Bd7 15. Bb2 Rc8 16. Nc3 b4 17. Ne2 Be8 18. Re1 Bh5 19. Ng5 Qe7 20. f4 h6 21. Nf3 Ne4 22. Qd3 Qf7 23. Nd2 Nf6 24. h3 Ne7 25. Rac1 Bg6 26. Qa6 Bb8 27. Kh2 Nh5 28. Rf1 Rxc1 29. Bxc1 Nf5 30. g4 Ne3 31. gxh5 Nxf1+ 32. Nxf1 Bxh5 33. Nfg3 Bxe2 34. Qxe2 Re8 35. Qg4 Re7 36. Bd2 a5 37. Bf1 Qf6 38. Be3 Rc7 39. Bd3 Rc3 40. Nh5 Qf7 41. Bg6 Qe7 42. Bd2 Rc7 43. Kg2 Ba7 44. Be3 Rc3 45. Kf2 a4 46. bxa4 Ra3 47. Bb1 Qf7 48. Ke2 Rxa4 49. Ke1 Ra3 50. Bc1 Rc3 51. Bd2 Rc4 52. f5 Bxd4 53. fxe6 Qf2+ 54. Kd1 Qf1+ 55. Be1 Bc3 56. Qg3 Rd4+ 57. Kc2 Qe2+ 58. Kb3 Qb2+ 59. Ka4 b3+ 60. Kb5 bxa2+ 61. Kc6 Rc4+ 62. Kd7 Qb7+ 63. Kd6 Rc6+ 64. Kxd5 Qb5+ 65. Ke4 axb1Q+ 0-1

[Event "IND-ch U15 Girls"]
[Site "New Delhi"]
[Date "2010.09.08"]
[Round "7"]
[White "Sunyasakta, Satpathy"]
[Black "Nisha, N Patkar"]
[Result "1-0"]
[WhiteElo "1899"]
[BlackElo "1747"]
[PlyCount "95"]
[EventDate "2010.09.04"]
[EventType "swiss"]
[EventRounds "11"]
[EventCountry "IND"]
[SourceTitle "CBM 138 Extra"]
[Source "ChessBase"]
[SourceDate "2010.10.29"]
[SourceVersion "1"]
[SourceVersionDate "2010.10.29"]
[SourceQuality "1"]

1. e4 c5 2. d4 cxd4 3. c3 dxc3 4. Nxc3 a6 5. Nf3 e6 6. Bc4 b5 7. Bb3 Bb7 8. Qe2 d6 9. 0-0 Nd7 10. Rd1 Qb8 11. Bf4 Ngf6 12. a3 Be7 13. Rd2 Nc5 14. Bc2 0-0 15. Rad1 e5 16. Bg3 Bc6 17. Bh4 Rd8 18. h3 Ne6 19. Qe3 a5 20. Nd5 Bxd5 21. exd5 Nf4 22. Bg5 Ng6 23. Nh2 Ra7 24. h4 Nf8 25. Bf5 b4 26. a4 Rb7 27. b3 Ne8 28. Bxe7 Rxe7 29. Ng4 h5 30. Qg5 hxg4 31. Qxe7 Nf6 32. Rc1 Re8 33. Qc7 Qxc7 34. Rxc7 g6 35. Bd3 Ra8 36. Bb5 Ne4 37. Rdc2 Nc5 38. R2xc5 dxc5 39. Rxc5 Nh7 40. Bc6 Ra7 41. d6 Nf6 42. Rxe5 Kf8 43. Kh2 Kg7 44. Kg3 Nh5+ 45. Rxh5 gxh5 46. d7 Rxd7 47. Bxd7 Kf6 48. Kf4 1-0

[Event "Commonwealth-ch"]
[Site "Nagpur"]
[Date "2008.10.03"]
[Round "8"]
[White "Mehdi, Hasan Parag"]
[Black "Nisha, N Patkar"]
[Result "1-0"]
[WhiteElo "2264"]
[BlackElo "1846"]
[PlyCount "45"]
[EventDate "2008.09.28"]
[EventType "swiss"]
[EventRounds "11"]
[EventCountry "IND"]
[SourceTitle "CBM 126 Extra"]
[Source "ChessBase"]
[SourceDate "2008.11.05"]
[SourceVersion "1"]
[SourceVersionDate "2008.11.05"]
[SourceQuality "1"]

1. e4 c5 2. Nf3 Nc6 3. Bb5 g6 4. Bxc6 bxc6 5. d4 Bg7 6. 0-0 cxd4 7. Nxd4 e5 8. Nf3 d5 9. exd5 e4 10. Re1 cxd5 11. c4 Be6 12. Ng5 Bf6 13. cxd5 Bxd5 14. Nxe4 Bxe4 15. Qa4+ Kf8 16. Qxe4 Rb8 17. Nc3 Bg7 18. Bf4 Rc8 19. Rad1 Qe8 20. Bd6+ Ne7 21. Qxe7+ Qxe7 22. Rxe7 Kg8 23. Rxa7 1-0